Bornéo: L'ile des chasseurs de têtes

שמור ב:
מידע ביבליוגרפי
מחבר ראשי: Mjöberg, Eric (autor)
פורמט: ספר
שפה:צרפתית
יצא לאור: París Plon 1934
מהדורה:2a. ed
נושאים:
תגים: הוספת תג
אין תגיות, היה/י הראשונ/ה לתייג את הרשומה!

MARC

LEADER 00000nam a2200000 a 4500
001 UCJ3919
003 CL-VaPUC
008 070124e19340000FR |||||||||||||||||fre|d
082 0 4 |a 910.4  |b MJO  |2 21 
100 |a Mjöberg, Eric  |e autor  |9 506498 
245 1 0 |a Bornéo: L'ile des chasseurs de têtes 
250 |a 2a. ed 
300 |a 266 p 
942 |c BK 
945 |d 20070124 00:00:00  |a rinostro 
260 |a París  |b Plon  |c 1934 
500 |a Ilustraciones 
650 0 |a Viajes  |9 257115 
650 0 |a Cultura  |9 269059 
650 0 |a Antropología cultural   |9 269905 
650 0 |a Religión   |9 255164 
650 0 |a Mitos  |9 267117 
650 0 |a Alfarería  |9 341805 
651 7 |a INDIAS HOLANDESAS  |2 CL-VaPUC  |9 505705 
651 0 |a África  |9 256790 
651 7 |a SARAWAK  |2 CL-VaPUC  |9 506499 
583 |a last modification  |c 20070124 00:00:00  |k Rodrigo Vera 
999 |c 320038  |d 320036 
952 |0 0  |1 0  |4 0  |6 910_400000000000000_MJO_1934  |7 0  |8 X  |9 398487  |a FDOBUD  |b FDOBUD  |d 2019-11-22  |i 1011049  |o 910.4 MJO 1934  |p 1011049  |r 2019-11-22  |w 2019-11-22  |y BK_X  |k BUD